Statistics for Dickens characters : First names

Click here to take the quiz!

General Stats

  • This quiz has been taken 95 times
  • The average score is 4 of 15

Answer Stats

NovelCharacterFirst name% Correct
Great ExpectationsPipPhilip
89%
MagwitchAbel
55%
Oliver TwistThe Artful DodgerJack
42%
Martin ChuzzlewitMrs GampSairey
30%
David CopperfieldMr MicawberWilkins
30%
Little DorritLittle DorritAmy
26%
The Pickwick PapersMr PickwickSamuel
26%
Mr MurdstoneEdward
21%
The Old Curiosity ShopQuilpDaniel
19%
Bleak HouseLady DedlockHonoria
19%
PegottyClara
14%
Miss MurdstoneJane
13%
A Tale of Two CitiesMadame DefargeThérèse
10%
Dr ManetteAlexandre
5%
Nicholas NicklebyThe Infant PhenomenonNinetta
0%

Score Distribution

Percentile by Number Answered

Percent of People with Each Score

Your Score History

You have not taken this quiz